| 000 | 00686nam a2200253Ia 4500 | ||
|---|---|---|---|
| 003 | GCL | ||
| 008 | 140319s9999 xx 000 0 ara d | ||
| 020 | _a2209148977 | ||
| 040 |
_aGCL / _cGCL |
||
| 082 | 0 | 4 |
_a191 _bز م |
| 100 | 1 | _aزكى نجيب محمود | |
| 245 | 1 | 0 |
_aمع الشعراء / _cزكى نجيب محمود |
| 250 | _aالرابعة | ||
| 260 |
_aالقاهرة : _bدار الشروق ، _c1988 |
||
| 300 |
_a237 ص ؛ _c20 سم |
||
| 490 | _a | ||
| 650 | 0 | 4 | _aالشعر |
| 650 | 0 | 4 | _aالشعراء |
| 650 | 0 | 4 | _aالغزالى |
| 650 | 0 | 4 | _aالفارابى |
| 650 | 0 | 4 | _aالبارودى |
| 650 | 0 | 4 | _aامين الريحانى |
| 942 |
_2ddc _cBK |
||
| 999 |
_c30674 _d30674 |
||